| 000 | 00671nam a2200193Ia 4500 | ||
|---|---|---|---|
| 001 | 11138 | ||
| 003 | GE_BSU | ||
| 008 | 181216s||||||||xx |||||||||||||| ||und|| | ||
| 040 | _cGE_BSU | ||
| 245 | _aკარიბჭე №16 (258)31 ივლისი-13აგვისტო 2014 | ||
| 245 | _bმართლმადიდებლური ჟურნალი. | ||
| 245 | _cმთავარი რედაქტორი: თამარ მამაცაშვილი. | ||
| 260 | _aთბილისი. | ||
| 260 | _c2014 | ||
| 300 | _a78გვ;27სმ | ||
| 653 | _aკარიბჭე. | ||
| 653 | _aპერიოდიკა | ||
| 942 | _cCR | ||
| 999 |
_c44376 _d44376 |
||